[Event "Thessaloniki op-B 1st"]
[Site "Thessaloniki"]
[Date "2022.08.06"]
[Round "5"]
[White "Tsampouli, Vasiliki"]
[Black "Pantoglou, Dimitrios"]
[Result "0-1"]
[WhiteElo "1556"]
[BlackElo "1637"]
[PlyCount "78"]
[EventDate "2022.08.03"]
[EventType "swiss"]
[EventRounds "9"]
[EventCountry "GRE"]
[SourceTitle "EXT 2024"]
[Source "ChessBase"]
[SourceDate "2023.10.10"]
[SourceVersion "1"]
[SourceVersionDate "2023.10.10"]
[SourceQuality "1"]

1. e4 e6 2. d4 d5 3. Nc3 Nf6 4. Bg5 Bb4 5. e5 h6 6. Bd2 Bxc3 7. bxc3 Ne4 8. Qg4 Kf8 9. Bd3 Nxd2 10. Kxd2 c5 11. h4 c4 12. Be2 Nc6 13. Nf3 Rg8 14. Rh3 Ke8 15. Qf4 Qe7 16. g4 b5 17. a3 a5 18. g5 h5 19. g6 fxg6 20. Rg3 Rf8 21. Qe3 Qf7 22. Rb1 Rb8 23. Qg5 Ne7 24. Rg2 Bd7 25. Qg3 Kd8 26. Ng5 Qf4+ 27. Qxf4 Rxf4 28. Nf3 Be8 29. Ke3 Rf8 30. Rh2 Nc6 31. Ng5 Ke7 32. Bf1 b4 33. axb4 axb4 34. Bh3 Bd7 35. cxb4 Nxb4 36. Kd2 c3+ 37. Kd1 Rf4 38. Rb3 Rxd4+ 39. Ke1 Nxc2+ 0-1

[Event "Thessaloniki op-B 1st"]
[Site "Thessaloniki"]
[Date "2022.08.04"]
[Round "3"]
[White "Tsampouli, Vasiliki"]
[Black "Tsintsar, Zoran"]
[Result "1-0"]
[WhiteElo "1556"]
[BlackElo "1696"]
[PlyCount "45"]
[EventDate "2022.08.03"]
[EventType "swiss"]
[EventRounds "9"]
[EventCountry "GRE"]
[SourceTitle "EXT 2024"]
[Source "ChessBase"]
[SourceDate "2023.10.10"]
[SourceVersion "1"]
[SourceVersionDate "2023.10.10"]
[SourceQuality "1"]

1. e4 c5 2. Nf3 Nc6 3. d4 cxd4 4. Nxd4 e5 5. Nb5 Bc5 6. Be3 Bxe3 7. Nd6+ Kf8 8. fxe3 Qg5 9. Qd2 Nf6 10. Nc3 h5 11. 0-0-0 Ng4 12. Re1 Rh6 13. Bc4 Rf6 14. Rhf1 Nd8 15. h3 Rxf1 16. Rxf1 Nf6 17. Nf5 d5 18. Nxd5 Nxe4 19. Qb4+ Kg8 20. Nde7+ Kh7 21. Bxf7 Bxf5 22. Bg8+ Kh6 23. Nxf5+ 1-0

[Event "GRE-ch Online Blitz op 1st"]
[Site "Tornelo INT"]
[Date "2021.02.07"]
[Round "16"]
[White "Giannakouras, Ioannis"]
[Black "Tsampouli, Vasiliki"]
[Result "1-0"]
[WhiteElo "1372"]
[BlackElo "1479"]
[PlyCount "47"]
[EventDate "2021.02.07"]
[EventType "swiss (blitz)"]
[EventRounds "16"]
[EventCountry "GRE"]
[SourceTitle "EXT 2023"]
[Source "ChessBase"]
[SourceDate "2022.10.05"]
[SourceVersion "1"]
[SourceVersionDate "2022.10.05"]
[SourceQuality "1"]

1. Nf3 d5 2. d4 Nf6 3. c4 dxc4 4. Qa4+ Bd7 5. Qxc4 e6 6. Nc3 Be7 7. e3 0-0 8. Bd3 a6 9. Qb3 c5 10. Qc2 Nc6 11. 0-0 cxd4 12. exd4 Nb4 13. Qd1 Nxd3 14. Qxd3 Bc6 15. Bf4 Rc8 16. Ne5 Be8 17. Rac1 Nd5 18. Nxd5 Rxc1 19. Nxe7+ Qxe7 20. Rxc1 Bb5 21. Qe3 Rd8 22. h3 Qb4 23. b3 Rxd4 24. Qxd4 1-0

[Event "GRE-ch Online Blitz op 1st"]
[Site "Tornelo INT"]
[Date "2021.02.07"]
[Round "9"]
[White "Tsampouli, Vasiliki"]
[Black "Skiadopoulos, Nikolaos"]
[Result "0-1"]
[WhiteElo "1479"]
[BlackElo "2036"]
[PlyCount "132"]
[EventDate "2021.02.07"]
[EventType "swiss (blitz)"]
[EventRounds "16"]
[EventCountry "GRE"]
[SourceTitle "EXT 2023"]
[Source "ChessBase"]
[SourceDate "2022.10.05"]
[SourceVersion "1"]
[SourceVersionDate "2022.10.05"]
[SourceQuality "1"]

1. e4 c5 2. Nf3 Nc6 3. d4 cxd4 4. Nxd4 e5 5. Nb5 d6 6. N1c3 a6 7. Na3 b5 8. Nd5 Nge7 9. c3 Be6 10. Nc2 Bxd5 11. exd5 Nb8 12. Be2 g6 13. 0-0 Bg7 14. Ne3 f5 15. f4 Nd7 16. a4 Qb6 17. Kh1 Rc8 18. axb5 axb5 19. Nc2 0-0 20. Be3 Qb7 21. Nb4 exf4 22. Bxf4 Ne5 23. Be3 Ra8 24. Qc2 Nc4 25. Bxc4 bxc4 26. Qd2 Be5 27. Bd4 Bxd4 28. Qxd4 Rxa1 29. Rxa1 Ra8 30. Re1 Rf8 31. h3 Rf7 32. Qxc4 Qd7 33. Qd4 f4 34. Qe4 g5 35. Qe6 Nf5 36. Qxd7 Rxd7 37. Re6 Ne3 38. Kg1 Kf7 39. Kf2 Nxd5 40. Re4 Nxb4 41. Rxb4 d5 42. Rd4 Ke6 43. Kf3 Ke5 44. b4 h5 45. Rd3 Rh7 46. g3 Rf7 47. g4 hxg4+ 48. hxg4 Rh7 49. Kg2 Ke4 50. Rd1 f3+ 51. Kg3 Ke3 52. Re1+ Kd2 53. Rf1 Kxc3 54. Rxf3+ Kxb4 55. Rf5 Kc4 56. Rxg5 d4 57. Rg8 Rd7 58. Rh8 d3 59. Rh1 d2 60. g5 Kd3 61. g6 Ke2 62. Rh2+ Ke3 63. Rh1 d1Q 64. Rxd1 Rxd1 65. Kh4 Kf4 66. g7 Rh1# 0-1

[Event "GRE-ch Online Blitz op 1st"]
[Site "Tornelo INT"]
[Date "2021.02.07"]
[Round "1"]
[White "Tzatzimakis, Theodoros"]
[Black "Tsampouli, Vasiliki"]
[Result "0-1"]
[WhiteElo "1008"]
[BlackElo "1479"]
[PlyCount "66"]
[EventDate "2021.02.07"]
[EventType "swiss (blitz)"]
[EventRounds "16"]
[EventCountry "GRE"]
[SourceTitle "EXT 2023"]
[Source "ChessBase"]
[SourceDate "2022.10.05"]
[SourceVersion "1"]
[SourceVersionDate "2022.10.05"]
[SourceQuality "1"]

1. e4 e5 2. Nf3 Nc6 3. Bc4 Bc5 4. c3 Nf6 5. d3 d6 6. a4 a6 7. b4 Ba7 8. Nbd2 Ne7 9. Nf1 Ng6 10. Ng3 Be6 11. Bb3 0-0 12. 0-0 c6 13. Be3 d5 14. exd5 cxd5 15. Re1 Qc7 16. Qe2 Qxc3 17. Qc2 Rac8 18. Qxc3 Rxc3 19. Bxa7 Rxb3 20. Nxe5 Nxe5 21. Rxe5 Rxd3 22. Bc5 Rc8 23. Ree1 Nd7 24. Bd6 Rc6 25. Be7 Nb6 26. b5 axb5 27. axb5 Rc8 28. Ra7 Rb3 29. Rxb7 Rxb5 30. Ra1 d4 31. Rd1 h6 32. Kh1 d3 33. Kg1 d2 0-1

[Event "GRE-ch Online Blitz op 1st"]
[Site "Tornelo INT"]
[Date "2021.02.07"]
[Round "10"]
[White "Zouroufidis, Konstantinos"]
[Black "Tsampouli, Vasiliki"]
[Result "0-1"]
[WhiteElo "1212"]
[BlackElo "1479"]
[PlyCount "56"]
[EventDate "2021.02.07"]
[EventType "swiss (blitz)"]
[EventRounds "16"]
[EventCountry "GRE"]
[SourceTitle "EXT 2023"]
[Source "ChessBase"]
[SourceDate "2022.10.05"]
[SourceVersion "1"]
[SourceVersionDate "2022.10.05"]
[SourceQuality "1"]

1. e4 e5 2. Nf3 Nc6 3. Bc4 Bc5 4. c3 Nf6 5. d4 exd4 6. cxd4 Bb4+ 7. Nc3 Nxe4 8. 0-0 Nxc3 9. bxc3 Be7 10. Bf4 d5 11. Bb3 0-0 12. c4 dxc4 13. Bxc4 Bg4 14. Be3 Bf6 15. Rb1 Rb8 16. h3 Bxf3 17. Qxf3 Nxd4 18. Bxd4 Qxd4 19. Bd5 c6 20. Be4 Rfe8 21. Bf5 Qc4 22. a3 Re5 23. Bd3 Qd5 24. Qxd5 Rxd5 25. Be4 Rd4 26. Bxc6 b6 27. a4 Rc8 28. Bb5 h6 0-1

[Event "Balkan-ch U16 Girls"]
[Site "Tornelo INT"]
[Date "2020.11.01"]
[Round "5"]
[White "Ivanovic, Tara"]
[Black "Tsampouli, Vasiliki"]
[Result "0-1"]
[WhiteElo "1272"]
[BlackElo "1170"]
[PlyCount "70"]
[EventDate "2020.10.31"]
[EventType "swiss"]
[EventRounds "7"]
[EventCountry "NET"]
[SourceTitle "EXT 2023"]
[Source "ChessBase"]
[SourceDate "2022.10.05"]
[SourceVersion "1"]
[SourceVersionDate "2022.10.05"]
[SourceQuality "1"]

1. e3 Nf6 2. Nf3 e6 3. d4 d5 4. Nc3 c5 5. dxc5 Bxc5 6. Bb5+ Bd7 7. Bxd7+ Nbxd7 8. 0-0 0-0 9. b3 Rc8 10. Bb2 Qe7 11. Ne2 Rfd8 12. Ned4 Nf8 13. Qd3 Ng6 14. Qb5 a6 15. Qd3 e5 16. Nf5 Qe6 17. Ng3 e4 18. Nd4 exd3 19. Nxe6 fxe6 20. cxd3 Rc7 21. Rac1 Rdc8 22. Rc2 Bd6 23. Rxc7 Rxc7 24. Rd1 Rc2 25. Bxf6 gxf6 26. Ra1 Kf7 27. Kf1 Ne5 28. d4 Nd3 29. Ne2 e5 30. dxe5 fxe5 31. Rd1 e4 32. f3 Bxh2 33. g3 exf3 34. Rxd3 fxe2+ 35. Ke1 Bxg3# 0-1

[Event "Balkan-ch U16 Girls"]
[Site "Tornelo INT"]
[Date "2020.10.31"]
[Round "3"]
[White "Sural, Ceren"]
[Black "Tsampouli, Vasiliki"]
[Result "1-0"]
[WhiteElo "1442"]
[BlackElo "1170"]
[PlyCount "89"]
[EventDate "2020.10.31"]
[EventType "swiss"]
[EventRounds "7"]
[EventCountry "NET"]
[SourceTitle "EXT 2023"]
[Source "ChessBase"]
[SourceDate "2022.10.05"]
[SourceVersion "1"]
[SourceVersionDate "2022.10.05"]
[SourceQuality "1"]

1. e4 e5 2. Nf3 Nc6 3. Bc4 Bc5 4. c3 Nf6 5. d3 d6 6. h3 a6 7. Bb3 Ba7 8. Nbd2 Ne7 9. Qe2 Ng6 10. g3 Be6 11. Ng5 Bxb3 12. axb3 0-0 13. Nf1 h6 14. Nf3 c6 15. Ne3 d5 16. Nf5 Re8 17. N3h4 Ne7 18. Nxe7+ Qxe7 19. Nf5 Qe6 20. b4 Rad8 21. g4 Kh7 22. g5 hxg5 23. Bxg5 g6 24. Ng3 Rc8 25. Nf1 Nh5 26. Qg4 Kg7 27. Qxe6 Rxe6 28. Be3 Bxe3 29. fxe3 dxe4 30. dxe4 Rd8 31. Rd1 Red6 32. Rxd6 Rxd6 33. Rg1 Nf6 34. Ng3 Kh6 35. Ke2 Nd7 36. Rf1 f6 37. h4 c5 38. bxc5 Nxc5 39. h5 Rd7 40. Rxf6 Na4 41. hxg6 Kg7 42. Re6 Nxb2 43. Nf5+ Kf8 44. g7+ Kf7 45. Re8 1-0

[Event "Balkan-ch U16 Girls"]
[Site "Tornelo INT"]
[Date "2020.10.31"]
[Round "1"]
[White "Tsampouli, Vasiliki"]
[Black "Elma, Muge"]
[Result "0-1"]
[WhiteElo "1170"]
[BlackElo "1689"]
[PlyCount "154"]
[EventDate "2020.10.31"]
[EventType "swiss"]
[EventRounds "7"]
[EventCountry "NET"]
[SourceTitle "EXT 2023"]
[Source "ChessBase"]
[SourceDate "2022.10.05"]
[SourceVersion "1"]
[SourceVersionDate "2022.10.05"]
[SourceQuality "1"]

1. e4 c5 2. Nf3 d6 3. Bb5+ Bd7 4. Bxd7+ Nxd7 5. d4 cxd4 6. Qxd4 Ngf6 7. Nc3 g6 8. 0-0 Bg7 9. Bg5 0-0 10. Qd2 Nc5 11. Rfe1 Qb6 12. Nd5 Nxd5 13. Qxd5 Qc7 14. c3 h6 15. Bf4 Ne6 16. Be3 Rfd8 17. Rad1 a6 18. h3 b5 19. Nd4 Nc5 20. Qc6 Rdc8 21. Qxc7 Rxc7 22. f3 Na4 23. Rd2 Rac8 24. a3 h5 25. Red1 Bf6 26. Kf2 Rb7 27. Nb3 Kg7 28. Na5 Rbc7 29. Nb3 Bh4+ 30. g3 Bf6 31. f4 Kf8 32. Kf3 Rc6 33. Nd4 R6c7 34. g4 Nc5 35. Rg2 hxg4+ 36. hxg4 e6 37. Ne2 Ke7 38. g5 Bg7 39. Rh2 Rh8 40. Rxh8 Bxh8 41. Bd4 Bxd4 42. Nxd4 Na4 43. Rd2 Nb6 44. Nb3 Nc4 45. Re2 Rc8 46. Nd4 e5 47. Nb3 Rh8 48. f5 Rh4 49. f6+ Ke6 50. Nc1 a5 51. Kg3 Rh5 52. Kg4 a4 53. Nd3 Rh1 54. Nb4 Rg1+ 55. Kh4 Kd7 56. Nd3 Rd1 57. Nb4 Rh1+ 58. Kg4 Rg1+ 59. Kh4 Rd1 60. Kg4 Nd2 61. Nd5 Rg1+ 62. Kh3 Nf3 63. Nb6+ Kc6 64. Nd5 Rxg5 65. Nb4+ Kd7 66. Re3 Rh5+ 67. Kg3 Ng5 68. Kg4 Ne6 69. Nd5 Rh2 70. Nb6+ Kc6 71. Nd5 Rxb2 72. Ne7+ Kd7 73. Rd3 Rg2+ 74. Kf3 Nf4 75. Rd1 g5 76. Nf5 g4+ 77. Ke3 Re2# 0-1

[Event "GRE-ch South U16 Girls"]
[Site "Athens"]
[Date "2020.08.28"]
[Round "1"]
[White "Pessiridi, Christiana"]
[Black "Tsampouli, Vasiliki"]
[Result "0-1"]
[WhiteElo "1096"]
[BlackElo "1429"]
[PlyCount "108"]
[EventDate "2020.08.28"]
[EventType "swiss"]
[EventRounds "9"]
[EventCountry "GRE"]
[SourceTitle "EXT 2023"]
[Source "ChessBase"]
[SourceDate "2022.10.05"]
[SourceVersion "1"]
[SourceVersionDate "2022.10.05"]
[SourceQuality "1"]

1. e4 e5 2. Nf3 Nc6 3. Bc4 Bc5 4. 0-0 Nf6 5. d4 Bxd4 6. Nxd4 Nxd4 7. Bg5 Qe7 8. b3 h6 9. Bh4 g5 10. Bg3 d6 11. Nc3 Bd7 12. f4 0-0-0 13. fxe5 dxe5 14. Nd5 Nxd5 15. exd5 Nf5 16. Bf2 a6 17. a4 Nd6 18. Bc5 f5 19. Qe2 Qf6 20. Bxa6 Nf7 21. Bb5 f4 22. a5 Bxb5 23. Qxb5 Qa6 24. c4 e4 25. b4 Qxb5 26. cxb5 Rxd5 27. b6 cxb6 28. Bxb6 Kd7 29. a6 bxa6 30. Rxa6 Rc8 31. Bc5 Rc6 32. Ra7+ Ke6 33. Re7+ Kf6 34. Rxe4 Kf5 35. Re7 Nd6 36. g3 Kf6 37. Re2 Nb7 38. Be7+ Kf5 39. gxf4 gxf4 40. Bf8 Nd8 41. Re3 Rg6+ 42. Kh1 Ne6 43. Ref3 Rd4 44. b5 Nxf8 45. Rc3 Nd7 46. Rc6 Rdd6 47. Rc7 Ne5 48. Rc5 Rge6 49. h3 h5 50. h4 Kg4 51. Rc2 Rd3 52. Re2 Rh3+ 53. Kg1 Nf3+ 54. Kg2 Rh2# 0-1

[Event "GRE-ch U20 Girls"]
[Site "Trikala"]
[Date "2020.08.20"]
[Round "6"]
[White "Dereka, Konstantina"]
[Black "Tsampouli, Vasiliki"]
[Result "0-1"]
[WhiteElo "1577"]
[BlackElo "1429"]
[PlyCount "60"]
[EventDate "2020.08.17"]
[EventType "swiss"]
[EventRounds "9"]
[EventCountry "GRE"]
[SourceTitle "CBM 198 Extra"]
[Source "ChessBase"]
[SourceDate "2020.11.30"]
[SourceVersion "1"]
[SourceVersionDate "2020.11.30"]
[SourceQuality "1"]

1. d4 Nf6 2. c4 e6 3. Nc3 Bb4 4. Qc2 0-0 5. e4 d5 6. cxd5 exd5 7. e5 Ne4 8. Bd3 f5 9. Nge2 c5 10. 0-0 Nc6 11. Nxd5 Kh8 12. Nxb4 Nxb4 13. Qb3 Nxd3 14. Qxd3 cxd4 15. Nxd4 Qe7 16. f3 Nc5 17. Qe2 b6 18. Re1 Ba6 19. Qe3 f4 20. Qa3 Qd7 21. Rd1 Rae8 22. b4 Nd3 23. Ne2 Qb5 24. Nd4 Qxe5 25. Nc2 Qe2 26. Bd2 Qf2+ 27. Kh1 Re2 28. Rg1 Rxd2 29. Qxa6 Qe2 30. h3 Nf2+ 0-1

[Event "GRE-ch U20 Girls"]
[Site "Trikala"]
[Date "2020.08.18"]
[Round "3"]
[White "Tsampouli, Vasiliki"]
[Black "Karavitaki, Evaggelia"]
[Result "0-1"]
[WhiteElo "1429"]
[BlackElo "1720"]
[PlyCount "132"]
[EventDate "2020.08.17"]
[EventType "swiss"]
[EventRounds "9"]
[EventCountry "GRE"]
[SourceTitle "CBM 198 Extra"]
[Source "ChessBase"]
[SourceDate "2020.11.30"]
[SourceVersion "1"]
[SourceVersionDate "2020.11.30"]
[SourceQuality "1"]

1. e4 c5 2. Nf3 e6 3. d4 cxd4 4. Nxd4 d6 5. Nc3 a6 6. Be3 Qc7 7. Bd3 Nf6 8. Qf3 Nbd7 9. Qg3 b5 10. a3 Bb7 11. 0-0 Nc5 12. f3 g6 13. Rac1 Nh5 14. Qf2 Bg7 15. Nce2 0-0 16. b4 Nxd3 17. cxd3 Qd7 18. Rc2 Rac8 19. Rfc1 Rxc2 20. Rxc2 e5 21. Nb3 f5 22. Qe1 Rc8 23. Qc1 Rxc2 24. Qxc2 Qc8 25. Qxc8+ Bxc8 26. g3 Nf6 27. Nc3 Kf7 28. Kf2 h6 29. h4 Ke6 30. Bd2 Bf8 31. Be3 Kd7 32. Bd2 Bb7 33. Be3 Ba8 34. Kg2 Nh5 35. Nc1 Bg7 36. N1e2 Nf6 37. d4 fxe4 38. fxe4 Nxe4 39. Nxe4 Bxe4+ 40. Kf2 Bc6 41. g4 Ke6 42. dxe5 dxe5 43. Nc1 Bb7 44. Nd3 Bc8 45. Nc5+ Kd5 46. Kf3 h5 47. gxh5 gxh5 48. Ke2 e4 49. Kd2 Be5 50. Kc2 Bg3 51. Bg5 Bf2 52. a4 bxa4 53. Nxa4 Kc4 54. Be7 Bf5 55. Nb2+ Kd5 56. Kd2 e3+ 57. Ke2 Bg4+ 58. Kf1 Bg3 59. Nd3 e2+ 60. Kg2 e1Q 61. Nxe1 Bxe1 62. Kf1 Bc3 63. Kf2 Kc4 64. Ke3 Bxb4 65. Bf6 a5 66. Be5 a4 0-1

[Event "GRE-ch U16 Girls"]
[Site "Patras"]
[Date "2019.06.30"]
[Round "6.5"]
[White "Tsampouli, Vasiliki"]
[Black "Dagkonaki, Aspasia"]
[Result "1/2-1/2"]
[WhiteElo "1344"]
[BlackElo "1442"]
[PlyCount "100"]
[EventDate "2019.06.25"]
[EventType "swiss"]
[EventRounds "7"]
[EventCountry "GRE"]
[SourceTitle "EXT 2020"]
[Source "ChessBase"]
[SourceDate "2019.10.17"]
[SourceVersion "1"]
[SourceVersionDate "2019.10.17"]
[SourceQuality "1"]
[WhiteTeam "Greece"]
[BlackTeam "Greece"]
[WhiteTeamCountry "GRE"]
[BlackTeamCountry "GRE"]

1. e4 e5 2. Nf3 Nc6 3. Bc4 Bc5 4. c3 Nf6 5. d4 exd4 6. cxd4 Bb4+ 7. Bd2 Bxd2+ 8. Nbxd2 d5 9. exd5 Nxd5 10. Qb3 Na5 11. Qa4+ c6 12. Bxd5 Qxd5 13. 0-0 0-0 14. Rfe1 b6 15. Rac1 Bd7 16. Qa3 Be6 17. b3 Rfc8 18. Re5 Qd8 19. Rce1 h6 20. Ne4 Qf8 21. Qc1 Nb7 22. Nfd2 Nd6 23. Qc3 Nxe4 24. Nxe4 Qd8 25. Qe3 a5 26. f4 a4 27. f5 Bd5 28. Nc3 axb3 29. Nxd5 cxd5 30. Qxb3 Rc4 31. Qb5 Qh4 32. Qxd5 Qxd4+ 33. Qxd4 Rxd4 34. Ra1 Rd2 35. Rb5 Raxa2 36. Rxa2 Rxa2 37. Rxb6 Kf8 38. Rb7 Ra5 39. g4 Ra4 40. h3 Ra2 41. Rd7 Ke8 42. Rc7 Rd2 43. Rb7 Rc2 44. Ra7 Rb2 45. Rc7 Ra2 46. Rb7 Rd2 47. Rc7 Rb2 48. Ra7 Rc2 49. Rb7 Rd2 50. Rc7 Rb2 1/2-1/2

[Event "GRE-ch U16 Girls"]
[Site "Patras"]
[Date "2019.06.28"]
[Round "4.5"]
[White "Koutsouraki, Ariadni"]
[Black "Tsampouli, Vasiliki"]
[Result "1-0"]
[WhiteElo "1540"]
[BlackElo "1344"]
[PlyCount "101"]
[EventDate "2019.06.25"]
[EventType "swiss"]
[EventRounds "7"]
[EventCountry "GRE"]
[SourceTitle "EXT 2020"]
[Source "ChessBase"]
[SourceDate "2019.10.17"]
[SourceVersion "1"]
[SourceVersionDate "2019.10.17"]
[SourceQuality "1"]
[WhiteTeam "Greece"]
[BlackTeam "Greece"]
[WhiteTeamCountry "GRE"]
[BlackTeamCountry "GRE"]

1. e4 e5 2. Nf3 Nc6 3. d4 exd4 4. Bc4 Nf6 5. e5 d5 6. Bb5 Ne4 7. Nxd4 Bd7 8. Bxc6 bxc6 9. 0-0 Bc5 10. f3 Ng5 11. c3 0-0 12. Kh1 f6 13. Bxg5 fxg5 14. Re1 Bxd4 15. cxd4 Be6 16. Qc1 Rb8 17. Qxc6 Rb6 18. Qc3 Qe7 19. Nd2 Rfb8 20. Nb3 Rb4 21. Na5 Qe8 22. b3 R4b5 23. a3 a6 24. b4 Rc8 25. Rec1 Bd7 26. Nb3 c6 27. Qe3 g4 28. fxg4 Bxg4 29. h3 Be6 30. Rf1 Rb7 31. Nc5 Ra7 32. Qd2 Rca8 33. Nxe6 Qxe6 34. Qc3 a5 35. a4 axb4 36. Qxb4 Qd7 37. Ra2 Qe8 38. Rfa1 Rb8 39. Qc3 Rba8 40. Qc5 Ra6 41. a5 Qf7 42. Kg1 Qf4 43. Rf1 Qe3+ 44. Kh1 Qg5 45. e6 Re8 46. Raf2 Raa8 47. Qxc6 h6 48. Rf5 Qe7 49. Qxd5 Qxe6 50. Rf8+ Kh7 51. Qxe6 1-0